[Event "1st FIDE OWCCCC Pools-East 2021"]
[Site "Online"]
[Date "2021.02.19"]
[Round "2.47"]
[White "Sawant, Priya"]
[Black "Plays, Boris"]
[Result "*"]
[WhiteElo "622"]
[BlackElo "1304"]
[Annotator "NA RC"]
[PlyCount "84"]
[EventDate "2021.02.19"]
[EventType "team-tourn"]
[EventCountry "NET"]
[SourceTitle "playchess.com"]
[Source "ChessBase"]
[SourceQuality "1"]

1. e4 e5 2. Bc4 Nf6 3. Qf3 Nc6 4. d3 Nd4 5. Qd1 Bc5 6. Be3 c6 7. Nf3 Nxf3+ 8. Qxf3 Bxe3 9. Qxe3 O-O 10. O-O Re8 11. Nc3 d6 12. Na4 b5 13. Bb3 bxa4 14. Bxa4 Bb7 15. c3 Qc7 16. f3 Qb6 17. Qxb6 axb6 18. Bb3 Ba6 19. Rfd1 c5 20. Ba4 b5 21. Bb3 Nh5 22. g4 Nf4 23. h4 Bc8 24. g5 Be6 25. Bc2 Rxa2 26. Rab1 Raa8 27. d4 cxd4 28. cxd4 Rac8 29. d5 Rxc2 30. dxe6 fxe6 31. Rxd6 Nh3+ 32. Kf1 Rh2 33. Ke1 Rh1+ 34. Ke2 Rxb1 35. Ke3 Rxb2 36. Kd3 Rb3+ 37. Kc2 Rxf3 38. h5 Nxg5 39. Kd2 Nxe4+ 40. Ke2 Nxd6 41. Kxf3 Rc8 42. Kg4 b4 *

[Event "1st FIDE OWCCCC Pools-East 2021"]
[Site "Online"]
[Date "2021.02.19"]
[Round "2.47"]
[White "Sharma, Nishtha"]
[Black "Meyer, Fredrik"]
[Result "0-1"]
[WhiteElo "589"]
[BlackElo "1218"]
[Annotator "NA"]
[PlyCount "56"]
[EventDate "2021.02.19"]
[EventType "team-tourn"]
[EventCountry "NET"]
[SourceTitle "playchess.com"]
[Source "ChessBase"]
[SourceQuality "1"]

1. e4 e5 2. Nf3 Nc6 3. Nc3 Nf6 4. Bd3 Be7 5. Be2 O-O 6. d3 d5 7. exd5 Nxd5 8. O-O Be6 9. a3 f6 10. Be3 Nxe3 11. fxe3 Bc5 12. Qd2 f5 13. d4 exd4 14. exd4 Nxd4 15. Nxd4 Qxd4+ 16. Qxd4 Bxd4+ 17. Kh1 Rae8 18. Rad1 c5 19. Bb5 Re7 20. h4 a6 21. Ba4 Bc4 22. Ne2 Bxe2 23. Rfe1 b5 24. c3 Bf2 25. Bb3+ c4 26. Rxe2 Rxe2 27. Rd7 Bg3 28. Bd1 Re1# 0-1

[Event "1st FIDE OWCCCC Pools-East 2021"]
[Site "Online"]
[Date "2021.02.19"]
[Round "2.48"]
[White "Pancewicz, Joanna"]
[Black "Pochesteva, Irina"]
[Result "1-0"]
[WhiteElo "1108"]
[BlackElo "1446"]
[Annotator "NA"]
[PlyCount "55"]
[EventDate "2021.02.19"]
[EventType "team-tourn"]
[EventCountry "NET"]
[SourceTitle "playchess.com"]
[Source "ChessBase"]
[SourceQuality "1"]

1. e4 e5 2. Nf3 Nc6 3. Nc3 Nf6 4. d4 exd4 5. Nxd4 Nxd4 6. Qxd4 d6 7. Bc4 Be7 8. O-O O-O 9. Re1 Be6 10. Bb3 a6 11. Bf4 c5 12. Qd3 b5 13. Bxe6 fxe6 14. e5 dxe5 15. Bxe5 Qxd3 16. cxd3 Ng4 17. f4 Bf6 18. Bxf6 Rxf6 19. g3 Rd8 20. Rad1 Nh6 21. Ne4 Rf5 22. Kg2 Kf7 23. Kf3 Rfd5 24. Ng5+ Kg8 25. Rxe6 Rxd3+ 26. Rxd3 Rxd3+ 27. Re3 Rd6 28. Re8# 1-0

[Event "1st FIDE OWCCCC Pools-East 2021"]
[Site "Online"]
[Date "2021.02.19"]
[Round "2.48"]
[White "Tveten, Gry"]
[Black "Maity, Rupesh"]
[Result "0-1"]
[WhiteElo "1025"]
[BlackElo "1477"]
[Annotator "NA"]
[PlyCount "58"]
[EventDate "2021.02.19"]
[EventType "team-tourn"]
[EventCountry "NET"]
[SourceTitle "playchess.com"]
[Source "ChessBase"]
[SourceQuality "1"]

1. e4 e5 2. Bc4 Bc5 3. Nf3 d6 4. O-O Bg4 5. h3 Bh5 6. d3 h6 7. Nc3 c6 8. a3 a5 9. Be3 Nd7 10. b4 axb4 11. axb4 Rxa1 12. Qxa1 Bxb4 13. Ne2 Bxf3 14. gxf3 Ne7 15. Qb2 c5 16. c3 Ba5 17. Bb5 O-O 18. Rb1 b6 19. d4 Ng6 20. Ng3 Nf4 21. h4 Nf6 22. Nf5 N6h5 23. Bc4 g6 24. Bxf7+ Kxf7 25. Nxh6+ Kg7 26. Bxf4 Nxf4 27. Ng4 Qxh4 28. Qb3 Rh8 29. dxe5 Qh1# 0-1

[Event "1st FIDE OWCCCC Pools-East 2021"]
[Site "Online"]
[Date "2021.02.19"]
[Round "2.49"]
[White "Kazarian, Anna-Maja"]
[Black "Behera, Sanjay Kumar"]
[Result "1-0"]
[WhiteElo "2096"]
[BlackElo "1592"]
[Annotator "NA"]
[PlyCount "33"]
[EventDate "2021.02.19"]
[EventType "team-tourn"]
[EventCountry "NET"]
[SourceTitle "playchess.com"]
[Source "ChessBase"]
[SourceQuality "1"]

1. e4 e5 2. Nf3 d6 3. Bc4 h6 4. d4 exd4 5. Nxd4 Nf6 6. Nc3 Be7 7. O-O Bg4 8. f3 Bh5 9. Nf5 O-O 10. Qe1 Nc6 11. Qg3 Bg6 12. Qxg6 Nh5 13. Nxh6+ Kh8 14. Nxf7+ Rxf7 15. Qxh5+ Kg8 16. Qxf7+ Kh8 17. Qh5# 1-0

[Event "1st FIDE OWCCCC Pools-East 2021"]
[Site "Online"]
[Date "2021.02.19"]
[Round "2.49"]
[White "Fromentin, Sebastien"]
[Black "Kaya, Melih onur"]
[Result "1-0"]
[WhiteElo "1949"]
[BlackElo "1261"]
[Annotator "NA"]
[PlyCount "61"]
[EventDate "2021.02.19"]
[EventType "team-tourn"]
[EventCountry "NET"]
[SourceTitle "playchess.com"]
[Source "ChessBase"]
[SourceQuality "1"]

1. d4 d5 2. Nf3 Nc6 3. Nc3 Nf6 4. Bg5 Bf5 5. a3 e6 6. e3 Bd6 7. Bd3 Bg6 8. Nb5 Qd7 9. Nxd6+ Qxd6 10. Bf4 Qd7 11. Bb5 O-O-O 12. Ne5 Qe8 13. O-O Nd7 14. Nxc6 bxc6 15. Bxc6 Qe7 16. c4 Nb8 17. Ba4 dxc4 18. Rc1 Nd7 19. Rxc4 e5 20. Qc1 c5 21. dxe5 Bd3 22. Bxd7+ Rxd7 23. Rxc5+ Rc7 24. Rxc7+ Qxc7 25. Qxc7+ Kxc7 26. Rc1+ Kd7 27. Rd1 Rc8 28. Rxd3+ Ke6 29. Rd6+ Kf5 30. f3 Rc4 31. g4# 1-0

[Event "1st FIDE OWCCCC Pools-East 2021"]
[Site "Online"]
[Date "2021.02.19"]
[Round "2.49"]
[White "Vignesh, K .V ."]
[Black "Abasov, Nijat"]
[Result "0-1"]
[WhiteElo "1615"]
[BlackElo "2664"]
[Annotator "TA"]
[PlyCount "72"]
[EventDate "2021.02.19"]
[EventType "team-tourn"]
[EventCountry "NET"]
[SourceTitle "playchess.com"]
[Source "ChessBase"]
[SourceQuality "1"]

1. d4 Nf6 2. Nf3 e6 3. Nc3 d5 4. g3 c5 5. Bg2 cxd4 6. Nxd4 e5 7. Nb3 d4 8. Ne4 Nxe4 9. Bxe4 Nc6 10. O-O Bh3 11. Bg2 Bxg2 12. Kxg2 Be7 13. e3 O-O 14. exd4 exd4 15. Kg1 Rc8 16. Re1 Bf6 17. Bd2 Qd5 18. Re2 Ne5 19. f4 Nf3+ 20. Kf1 d3 21. cxd3 Nxd2+ 22. Qxd2 Qh1+ 23. Kf2 Qxh2+ 24. Kf1 Qxg3 25. Rg2 Qf3+ 26. Qf2 Qxd3+ 27. Qe2 Qh3 28. Qg4 Qh1+ 29. Rg1 Qd5 30. Rg2 Rc4 31. Rd1 Rxf4+ 32. Rf2 Qh1+ 33. Qg1 Rxf2+ 34. Kxf2 Bh4+ 35. Kf1 Qf3+ 36. Qf2 Qxf2# 0-1

[Event "1st FIDE OWCCCC Pools-East 2021"]
[Site "Online"]
[Date "2021.02.19"]
[Round "2.49"]
[White "Bialon, Pawel"]
[Black "Satveek, GS."]
[Result "0-1"]
[WhiteElo "895"]
[BlackElo "1625"]
[Annotator "NA"]
[PlyCount "108"]
[EventDate "2021.02.19"]
[EventType "team-tourn"]
[EventCountry "NET"]
[SourceTitle "playchess.com"]
[Source "ChessBase"]
[SourceQuality "1"]

1. e4 e5 2. Nf3 d6 3. h3 h6 4. c3 Nc6 5. Bb5 Bd7 6. O-O Nf6 7. d4 Be7 8. dxe5 Nxe5 9. Nxe5 dxe5 10. Bxd7+ Qxd7 11. Qxd7+ Nxd7 12. Rd1 Rd8 13. Nd2 O-O 14. b4 Nf6 15. f3 c5 16. b5 b6 17. Bb2 Nh5 18. c4 f6 19. Nf1 Rxd1 20. Rxd1 Rd8 21. Rxd8+ Bxd8 22. g4 Nf4 23. Kh2 Kf7 24. Bc1 Nd3 25. Bd2 Kg6 26. Ng3 Nb2 27. Nf5 Nxc4 28. Bc1 Kh7 29. h4 g6 30. g5 gxf5 31. exf5 fxg5 32. hxg5 Bxg5 33. Bxg5 hxg5 34. Kg3 Nd6 35. f6 Kg6 36. a4 Kxf6 37. Kg4 c4 38. f4 exf4 39. Kf3 Ke5 40. a5 bxa5 41. b6 axb6 42. Kg4 a4 43. Kxg5 a3 44. Kg4 a2 45. Kf3 a1=Q 46. Kg4 Qg1+ 47. Kf3 c3 48. Ke2 Qe3+ 49. Kd1 Ne4 50. Kc2 Qd2+ 51. Kb1 c2+ 52. Kb2 c1=Q+ 53. Kb3 Qdb2+ 54. Ka4 Qca1# 0-1

[Event "1st FIDE OWCCCC Pools-East 2021"]
[Site "Online"]
[Date "2021.02.19"]
[Round "2.50"]
[White "Van Wijk, Peter"]
[Black "Sahoo Ratnakar"]
[Result "1-0"]
[WhiteElo "1930"]
[BlackElo "1044"]
[Annotator "NA"]
[PlyCount "79"]
[EventDate "2021.02.19"]
[EventType "team-tourn"]
[EventCountry "NET"]
[SourceTitle "playchess.com"]
[Source "ChessBase"]
[SourceQuality "1"]

1. e4 e5 2. Nf3 Nc6 3. d4 exd4 4. Nxd4 Bc5 5. Nxc6 bxc6 6. Bd3 h6 7. O-O d6 8. Nd2 Ne7 9. Nb3 Bb6 10. a4 a5 11. Bd2 O-O 12. Qe1 Ba6 13. Nxa5 d5 14. Bxa6 Rxa6 15. exd5 Bxa5 16. Bxa5 cxd5 17. Bb4 Re8 18. Qd2 Rg6 19. Bxe7 Rxe7 20. Rfe1 c6 21. a5 Rge6 22. Rxe6 Rxe6 23. a6 Qa8 24. a7 c5 25. Qa5 c4 26. h3 d4 27. Qb5 Re8 28. Qxe8+ Qxe8 29. a8=Q Qxa8 30. Rxa8+ Kh7 31. Rd8 c3 32. bxc3 dxc3 33. Rc8 f5 34. Rxc3 Kg6 35. Rd3 Kf6 36. c4 Ke7 37. c5 Ke6 38. c6 Ke5 39. c7 Ke4 40. Rd1 1-0

[Event "1st FIDE OWCCCC Pools-East 2021"]
[Site "Online"]
[Date "2021.02.19"]
[Round "2.50"]
[White "Karimov, Samir"]
[Black "Ponnusamy, Kowsik"]
[Result "1/2-1/2"]
[WhiteElo "1790"]
[BlackElo "1514"]
[Annotator "NA"]
[PlyCount "68"]
[EventDate "2021.02.19"]
[EventType "team-tourn"]
[EventCountry "NET"]
[SourceTitle "playchess.com"]
[Source "ChessBase"]
[SourceQuality "1"]

1. Nf3 d5 2. g3 c6 3. Bg2 Bg4 4. d4 Nd7 5. O-O e6 6. c4 Be7 7. c5 Ngf6 8. Nc3 O-O 9. b4 a5 10. b5 e5 11. dxe5 Bxf3 12. Bxf3 Nxe5 13. Qd4 Ned7 14. bxc6 bxc6 15. Na4 Rb8 16. Bd2 Rb5 17. Rfc1 Qc7 18. Rab1 Rfb8 19. Rxb5 Rxb5 20. e4 dxe4 21. Bxe4 Nxe4 22. Qxe4 Bf8 23. Bf4 Qb7 24. Qe8 Rb1 25. Rxb1 Qxb1+ 26. Kg2 Qxa2 27. Nb6 Nxc5 28. Bd6 Ne6 29. Bxf8 Nxf8 30. Nc8 Qd5+ 31. Kg1 Qd1+ 32. Kg2 Qd5+ 33. Kg1 Qd1+ 34. Kg2 Qd5+ 1/2-1/2

[Event "1st FIDE OWCCCC Pools-East 2021"]
[Site "Online"]
[Date "2021.02.19"]
[Round "2.50"]
[White "Beykok, Hasan"]
[Black "Capo, Stellie"]
[Result "1-0"]
[WhiteElo "1431"]
[BlackElo "583"]
[Annotator "NA"]
[PlyCount "87"]
[EventDate "2021.02.19"]
[EventType "team-tourn"]
[EventCountry "NET"]
[SourceTitle "playchess.com"]
[Source "ChessBase"]
[SourceQuality "1"]

1. b4 e5 2. Bb2 d6 3. b5 Nf6 4. e3 Ne4 5. d3 Ng5 6. Nf3 Nxf3+ 7. Qxf3 Be7 8. d4 e4 9. Qxe4 d5 10. Qf3 c6 11. a4 Bb4+ 12. Bc3 Bxc3+ 13. Nxc3 O-O 14. Bd3 Nd7 15. bxc6 Nf6 16. cxb7 Bxb7 17. O-O Qd7 18. Bb5 Qe7 19. Rab1 Rac8 20. Rb3 Bc6 21. Qe2 Bxb5 22. Nxb5 a6 23. Nc3 Ne4 24. Nxd5 Qe6 25. c4 Qd7 26. Nb6 Qd8 27. Nxc8 Qxc8 28. c5 Nf6 29. Rfb1 Nd7 30. Qf3 f6 31. Qd5+ Rf7 32. c6 Nf8 33. Rb7 Qe8 34. Rb8 h5 35. Rxe8 g6 36. Rxf8+ Kxf8 37. Rb8+ Kg7 38. Rb7 Kh6 39. Qxf7 Kg5 40. h4+ Kf5 41. c7 Ke4 42. c8=Q Kd3 43. Rb3+ Ke4 44. Qfe6# 1-0

[Event "1st FIDE OWCCCC Pools-East 2021"]
[Site "Online"]
[Date "2021.02.19"]
[Round "2.50"]
[White "Vinit, Kore"]
[Black "Rosicki, Lukasz"]
[Result "0-1"]
[WhiteElo "856"]
[BlackElo "1542"]
[Annotator "NA"]
[PlyCount "102"]
[EventDate "2021.02.19"]
[EventType "team-tourn"]
[EventCountry "NET"]
[SourceTitle "playchess.com"]
[Source "ChessBase"]
[SourceQuality "1"]

1. e4 e5 2. Nf3 Nf6 3. Nc3 Nc6 4. a3 Bc5 5. d3 Ng4 6. h3 Nxf2 7. Qe2 Nxh1 8. Be3 Ng3 9. Qf2 Bxe3 10. Qxe3 Nxf1 11. Kxf1 d6 12. Nd5 O-O 13. Ke2 f5 14. Rf1 fxe4 15. Qxe4 Nd4+ 16. Nxd4 exd4 17. Qxd4 Qe7+ 18. Ne3 Rxf1 19. Kxf1 Qf6+ 20. Qxf6 gxf6 21. g4 Bd7 22. Nd5 Kf7 23. Nxc7 Rc8 24. Nd5 Rxc2 25. b4 Rd2 26. Nf4 Bb5 27. Ke1 Rxd3 28. Nxd3 Bxd3 29. Kd2 Bf1 30. Ke1 Bxh3 31. Kf2 Bxg4 32. a4 Bd7 33. b5 a6 34. b6 Bc6 35. a5 Ke6 36. Ke3 Ke5 37. Kd3 f5 38. Ke3 f4+ 39. Kf2 Ke4 40. Ke2 f3+ 41. Kf2 Kf4 42. Kf1 Ke3 43. Kg1 Ke2 44. Kh2 f2 45. Kh3 f1=Q+ 46. Kh4 Qg1 47. Kh5 Kf3 48. Kh6 Kf4 49. Kxh7 Kf5 50. Kh8 Kf6 51. Kh7 Qg7# 0-1

[Event "1st FIDE OWCCCC Pools-East 2021"]
[Site "Online"]
[Date "2021.02.19"]
[Round "2.51"]
[White "Collard, Jean Pol"]
[Black "Kaya, Burcu"]
[Result "1-0"]
[WhiteElo "1181"]
[BlackElo "1096"]
[Annotator "NA"]
[PlyCount "63"]
[EventDate "2021.02.19"]
[EventType "team-tourn"]
[EventCountry "NET"]
[SourceTitle "playchess.com"]
[Source "ChessBase"]
[SourceQuality "1"]

1. d4 d5 2. c4 Nf6 3. Nc3 Nc6 4. Nf3 Bg4 5. Bg5 Bxf3 6. exf3 h6 7. Bxf6 exf6 8. cxd5 Ne7 9. Bb5+ c6 10. dxc6 Nxc6 11. Bxc6+ bxc6 12. O-O Bd6 13. Re1+ Be7 14. Ne4 O-O 15. Rc1 Qc7 16. Qc2 Rac8 17. d5 c5 18. Red1 Rfd8 19. g3 f5 20. Nc3 c4 21. Qxf5 g6 22. Qe4 Bf6 23. Qe3 Qa5 24. Qxh6 Bg7 25. Qd2 Kh7 26. Ne4 Bh6 27. Qxa5 Bxc1 28. Rxc1 f5 29. Qxa7+ Kh8 30. Ng5 Kg8 31. Qf7+ Kh8 32. Qh7# 1-0

[Event "1st FIDE OWCCCC Pools-East 2021"]
[Site "Online"]
[Date "2021.02.19"]
[Round "2.51"]
[White "N, Shehnaaz"]
[Black "Ibishov, Javid"]
[Result "0-1"]
[WhiteElo "853"]
[BlackElo "863"]
[Annotator "NA"]
[PlyCount "60"]
[EventDate "2021.02.19"]
[EventType "team-tourn"]
[EventCountry "NET"]
[SourceTitle "playchess.com"]
[Source "ChessBase"]
[SourceQuality "1"]

1. e4 e6 2. d4 d5 3. Nc3 Nf6 4. Nf3 dxe4 5. Ng5 Bb4 6. a3 Ba5 7. Bc4 h6 8. Nh3 O-O 9. f3 Nc6 10. fxe4 Nxe4 11. Bd3 Qh4+ 12. Kf1 Nxc3 13. bxc3 e5 14. Qf3 Bxc3 15. Rb1 Nxd4 16. Qf2 Qh5 17. Bb2 Bxb2 18. Rxb2 Bxh3 19. gxh3 Qxh3+ 20. Ke1 Rfe8 21. Rg1 Nf3+ 22. Ke2 Nxg1+ 23. Qxg1 Re6 24. Rxb7 e4 25. Bc4 Qf3+ 26. Kd2 Rd8+ 27. Kc1 Qxa3+ 28. Kb1 Red6 29. Rb3 Rd1+ 30. Qxd1 Rxd1# 0-1

[Event "1st FIDE OWCCCC Pools-East 2021"]
[Site "Online"]
[Date "2021.02.19"]
[Round "2.51"]
[White "Huijsdens, Leon"]
[Black "Sanjeev, Kumar"]
[Result "*"]
[WhiteElo "798"]
[BlackElo "2102"]
[Annotator "TA"]
[PlyCount "40"]
[EventDate "2021.02.19"]
[EventType "team-tourn"]
[EventCountry "NET"]
[SourceTitle "playchess.com"]
[Source "ChessBase"]
[SourceQuality "1"]

1. d4 b6 2. e4 Bb7 3. Nc3 e6 4. Nf3 Bb4 5. Bd3 f6 6. O-O Bxc3 7. bxc3 Ne7 8. Re1 O-O 9. Bb2 Qe8 10. c4 Qh5 11. Nd2 Qxd1 12. Raxd1 f5 13. e5 Nbc6 14. f4 Nb4 15. Ba3 a5 16. Nb1 Rfe8 17. Nc3 Nec6 18. d5 Nd4 19. Rd2 c6 20. d6 Ba6 *

[Event "1st FIDE OWCCCC Pools-East 2021"]
[Site "Online"]
[Date "2021.02.19"]
[Round "2.52"]
[White "Hartog, Eduard"]
[Black "Pattnaik, Aditi Upasana"]
[Result "1-0"]
[WhiteElo "1404"]
[BlackElo "994"]
[Annotator "NA"]
[PlyCount "123"]
[EventDate "2021.02.19"]
[EventType "team-tourn"]
[EventCountry "NET"]
[SourceTitle "playchess.com"]
[Source "ChessBase"]
[SourceQuality "1"]

1. e4 e5 2. Nf3 Nc6 3. d4 exd4 4. Nxd4 Bc5 5. Be3 d6 6. Nxc6 bxc6 7. Bxc5 dxc5 8. Qxd8+ Kxd8 9. Nc3 Be6 10. O-O-O+ Ke7 11. b3 Nf6 12. f3 Rhd8 13. Be2 h6 14. e5 Nd5 15. Ne4 Ne3 16. Rxd8 Rxd8 17. g4 c4 18. Nc3 cxb3 19. axb3 Nd5 20. Kb2 Nxc3 21. Kxc3 Rd5 22. Ra1 Rxe5 23. Bd3 a5 24. Kd4 Rd5+ 25. Ke4 f5+ 26. gxf5 Bxf5+ 27. Ke3 Bxd3 28. cxd3 Rh5 29. Ra2 Ke6 30. Rg2 Kf6 31. Rc2 Re5+ 32. Kf2 Re6 33. Rc5 Rd6 34. Ke2 Ke7 35. Rxa5 Rd5 36. Ra4 Rh5 37. h4 Kd6 38. Rg4 g5 39. hxg5 Rxg5 40. Re4 Re5 41. Ke3 Kd5 42. Kf4 Rxe4+ 43. dxe4+ Ke6 44. Kg4 Kf6 45. Kh5 Kg7 46. f4 c5 47. e5 c6 48. f5 Kf7 49. Kxh6 Kf8 50. Kg6 Ke7 51. Kg7 Ke8 52. f6 c4 53. bxc4 Kd7 54. f7 Ke6 55. f8=Q Kxe5 56. Qc5+ Ke6 57. Kg6 Kd7 58. Kf6 Kc7 59. Ke6 Kb7 60. Kd6 Kb8 61. Kxc6 Kc8 62. Qf8# 1-0

[Event "1st FIDE OWCCCC Pools-East 2021"]
[Site "Online"]
[Date "2021.02.19"]
[Round "2.52"]
[White "aliya98"]
[Black "Gowtham, T.."]
[Result "1-0"]
[WhiteElo "974"]
[BlackElo "1978"]
[Annotator "NA"]
[PlyCount "49"]
[EventDate "2021.02.19"]
[EventType "team-tourn"]
[EventCountry "NET"]
[SourceTitle "playchess.com"]
[Source "ChessBase"]
[SourceQuality "1"]

1. e4 e5 2. Nf3 Nc6 3. Nc3 Nf6 4. d3 Bc5 5. d4 exd4 6. Nd5 Nxe4 7. Qe2 Bb4+ 8. Nxb4 f5 9. Nxc6 dxc6 10. c3 dxc3 11. Ne5 O-O 12. f3 Nc5 13. Qc4+ Ne6 14. g4 fxg4 15. fxg4 cxb2 16. Bxb2 b5 17. Qb3 c5 18. Qxb5 Qh4+ 19. Kd2 Rd8+ 20. Ke3 Qg5+ 21. Ke2 Rd6 22. Qe8+ Nf8 23. Qf7+ Kh8 24. Ng6+ hxg6 25. Qxg7# 1-0

[Event "1st FIDE OWCCCC Pools-East 2021"]
[Site "Online"]
[Date "2021.02.19"]
[Round "2.53"]
[White "Kashin, Maxim"]
[Black "Negi, Alpana"]
[Result "*"]
[WhiteElo "1624"]
[BlackElo "1200"]
[Annotator "NA RC"]
[PlyCount "35"]
[EventDate "2021.02.19"]
[EventType "team-tourn"]
[EventCountry "NET"]
[SourceTitle "playchess.com"]
[Source "ChessBase"]
[SourceQuality "1"]

1. e4 e5 2. f4 exf4 3. Nf3 f6 4. Bc4 g5 5. Nc3 d6 6. d4 Bg7 7. O-O Qe7 8. Nd5 Qxe4 9. Re1 Bf5 10. Rxe4+ Bxe4 11. Nxc7+ Kd7 12. Nxa8 b6 13. Bb5+ Kc8 14. d5 Ne7 15. c4 Nd7 16. a4 Ne5 17. Nxe5 fxe5 18. a5 *

[Event "1st FIDE OWCCCC Pools-East 2021"]
[Site "Online"]
[Date "2021.02.19"]
[Round "2.53"]
[White "The, Sanket"]
[Black "Nihal Sarin"]
[Result "0-1"]
[WhiteElo "1420"]
[BlackElo "2620"]
[Annotator "TA"]
[PlyCount "38"]
[EventDate "2021.02.19"]
[EventType "team-tourn"]
[EventCountry "NET"]
[SourceTitle "playchess.com"]
[Source "ChessBase"]
[SourceQuality "1"]

1. e4 d5 2. exd5 Qxd5 3. Nf3 Bg4 4. Be2 Nc6 5. Nc3 Qa5 6. a3 Nf6 7. d4 O-O-O 8. Be3 Ne4 9. Qd3 Bf5 10. b4 Nxb4 11. axb4 Qxa1+ 12. Bd1 Qxc3+ 13. Qxc3 Nxc3 14. O-O e6 15. Ne5 Nxd1 16. Nxf7 Nxe3 17. fxe3 Bxb4 18. Nxd8 Rxd8 19. g4 Bxc2 0-1

[Event "1st FIDE OWCCCC Pools-East 2021"]
[Site "Online"]
[Date "2021.02.19"]
[Round "2.53"]
[White "trijeetxK"]
[Black "Turcatti, Mauro"]
[Result "1/2-1/2"]
[WhiteElo "1364"]
[BlackElo "1318"]
[Annotator "NA"]
[PlyCount "100"]
[EventDate "2021.02.19"]
[EventType "team-tourn"]
[EventCountry "NET"]
[SourceTitle "playchess.com"]
[Source "ChessBase"]
[SourceQuality "1"]

1. e4 c6 2. d4 d5 3. e5 c5 4. c3 Nc6 5. Bb5 Qb6 6. Bxc6+ bxc6 7. Nf3 Ba6 8. Nbd2 e6 9. Nb3 cxd4 10. Nfxd4 c5 11. Ne2 Ne7 12. O-O Nc6 13. Re1 Nxe5 14. a4 Bd6 15. a5 Qc7 16. Bf4 Ng6 17. Bxd6 Qxd6 18. Nd2 O-O 19. Nf3 Rab8 20. b3 Qc7 21. c4 dxc4 22. bxc4 Bxc4 23. Nc3 Rfd8 24. Qc2 h6 25. Ne4 Bd5 26. Qxc5 Qxc5 27. Nxc5 Bxf3 28. gxf3 Rb5 29. Ne4 a6 30. Nc3 Rg5+ 31. Kf1 Rc8 32. Ne4 Rh5 33. Kg2 Re5 34. Kg3 Kf8 35. f4 Rb5 36. Nd6 Rb3+ 37. Re3 Rxe3+ 38. fxe3 Rc6 39. Ne4 Ne7 40. Rb1 Nf5+ 41. Kf3 Kg8 42. Rb6 Rc1 43. Rxa6 Ra1 44. Ra8+ Kh7 45. a6 Kg6 46. a7 Ra3 47. Kf2 Ra2+ 48. Kf3 Ra3 49. Kf2 Ra2+ 50. Kf3 Ra3 1/2-1/2

[Event "1st FIDE OWCCCC Pools-East 2021"]
[Site "Online"]
[Date "2021.02.19"]
[Round "2.54"]
[White "Bielec, John Matthew"]
[Black "Arul, Arjun"]
[Result "0-1"]
[WhiteElo "1608"]
[BlackElo "1451"]
[Annotator "NA"]
[PlyCount "154"]
[EventDate "2021.02.19"]
[EventType "team-tourn"]
[EventCountry "NET"]
[SourceTitle "playchess.com"]
[Source "ChessBase"]
[SourceQuality "1"]

1. e4 d5 2. exd5 Qxd5 3. Nc3 Qd6 4. Nf3 Nc6 5. Be2 Bf5 6. O-O f6 7. d3 O-O-O 8. a4 g5 9. Nb5 Qd7 10. Be3 a6 11. Nc3 e5 12. Nd2 Nge7 13. Nde4 Bg7 14. Rb1 Nd5 15. Nxd5 Qxd5 16. Ng3 Bg6 17. c4 Qe6 18. b4 Nd4 19. Bxd4 Rxd4 20. Qc2 Rhd8 21. Rfd1 h5 22. Nxh5 Bxh5 23. Bxh5 Rh8 24. Bf3 Rdh4 25. h3 f5 26. Bd5 Qd6 27. f3 Qd7 28. Re1 c6 29. Rbc1 cxd5 30. cxd5+ Kb8 31. Ra1 Rc8 32. Qb3 e4 33. Rad1 exf3 34. gxf3 Rxh3 35. Kg2 Rch8 36. Rh1 f4 37. b5 Rg3+ 38. Kf2 Bd4+ 39. Ke2 Qe7+ 40. Kd2 Qe3+ 41. Kc2 Rg2+ 42. Kb1 Rxh1 43. Rxh1 Rb2+ 44. Qxb2 Bxb2 45. Kxb2 axb5 46. axb5 Qxd3 47. b6 Qb5+ 48. Kc3 Qxb6 49. Rh5 Qc5+ 50. Kd2 Qxd5+ 51. Ke2 b5 52. Rh8+ Kb7 53. Rh7+ Ka6 54. Rh6+ Ka5 55. Rh1 b4 56. Ra1+ Kb5 57. Rc1 Qe5+ 58. Kf2 Qe3+ 59. Kg2 Qxc1 60. Kh3 Qh1+ 61. Kg4 Qg1+ 62. Kf5 Qg3 63. Ke4 b3 64. Kf5 Qxf3 65. Kg6 g4 66. Kh5 g3+ 67. Kh4 g2 68. Kg5 g1=Q+ 69. Kf5 Qb1+ 70. Kg5 Qg3+ 71. Kf6 f3 72. Kf7 f2 73. Ke6 Qe4+ 74. Kd7 Qgd3+ 75. Kc7 Qc6+ 76. Kb8 Qd8+ 77. Ka7 Qcb6# 0-1

[Event "1st FIDE OWCCCC Pools-East 2021"]
[Site "Online"]
[Date "2021.02.19"]
[Round "2.56"]
[White "Kadwekar, Shraddha"]
[Black "Kulkarni, Agasti"]
[Result "0-1"]
[WhiteElo "843"]
[BlackElo "1443"]
[Annotator "NA"]
[PlyCount "34"]
[EventDate "2021.02.19"]
[EventType "team-tourn"]
[EventCountry "NET"]
[SourceTitle "playchess.com"]
[Source "ChessBase"]
[SourceQuality "1"]

1. e4 c5 2. Nf3 d6 3. d4 cxd4 4. Nxd4 Nc6 5. Nxc6 bxc6 6. Bd3 g6 7. Nc3 Bg7 8. Bd2 e5 9. h3 Nf6 10. Bg5 O-O 11. Bxf6 Qxf6 12. O-O Qg5 13. h4 Qxh4 14. g3 Qh3 15. Ne2 Bg4 16. Bc4 Bf3 17. Qxd6 Qg2# 0-1

[Event "1st FIDE OWCCCC Pools-East 2021"]
[Site "Online"]
[Date "2021.02.19"]
[Round "2.56"]
[White "Garg, Richa"]
[Black "Pandey, Sheetal"]
[Result "0-1"]
[WhiteElo "690"]
[BlackElo "1318"]
[Annotator "NA"]
[PlyCount "46"]
[EventDate "2021.02.19"]
[EventType "team-tourn"]
[EventCountry "NET"]
[SourceTitle "playchess.com"]
[Source "ChessBase"]
[SourceQuality "1"]

1. d4 d5 2. Nc3 Bf5 3. Nf3 Nc6 4. e3 Nb4 5. Bb5+ c6 6. Ba4 e6 7. Ne5 Bd6 8. Nd3 Nxd3+ 9. cxd3 Nf6 10. O-O h6 11. b4 Bxb4 12. Ne2 Bd6 13. Rb1 b5 14. Bb3 Ng4 15. Bd2 Bxh2+ 16. Kh1 Qh4 17. Rc1 Bg3+ 18. Kg1 Bxf2+ 19. Rxf2 Qxf2+ 20. Kh1 Bxd3 21. Ba5 Qh4+ 22. Kg1 Qh2+ 23. Kf1 Qh1# 0-1